000 01232nam a22003611 4500
001 01107648
003 DO-SdBPM
005 20260209124920.0
007 ta
008 920725s1998 cl spa
017 _a
_b
020 _a8432986364
035 _a
040 _aDO-SdBPM
_bspa
_cBPMSU
_erda
082 4 _a370.114
_b OB12c 1998
_222
100 1 _aCardona Prieto, Marcela.
_eautor
_4aut.
245 1 0 _aCómo desarrollar los valores a partir de la literatura :
_bpropuestas prácticas para los tres ciclos de primaria /
_cNúria Obiols Suari.
_h
260 _bSintes,
_c
264 _aBarcelona :
_bGrupo Editorial Ceac.,
_c1998
300 _a154 páginas ;
_c21 cm
336 _atext
_btxt
_2rdacontent
337 _aSin mediación
_bn
_2reamedia
338 _avolumen
_bnc
_2reacarrier
490 0 _aAula práctica
_v
590 _aInventariado, 2026/VM
650 7 _aLiteratura infantil en la educación de niños
_v
_2
650 7 _aValores (Filosofía)
_xEnseñanza primaria
_xMetodología.
650 4 _aaValores sociales
_xEnseñanza primaria
_xMetodología.
700 1 _a
700 1 _aPonce, Carolina
_eilustración
910 _aVMateo V. Control de calidad. BPMSU
942 _2ddc
_cBK
999 _c15675
_d15675